Stadtteile von Hünxe - Statistiken

Allgemein
  • Dieses Quiz wurde 13 mal gespielt
  • Das Durchschnittsergebnis liegt bei 4 aus 6
Antwortstatistiken
Stadtteil % Korrekt
Hünxe
88%
Krudenburg
75%
Bruckhausen
63%
Bucholtwelmen
63%
Drevenack
63%
Gartrop-Bühl
63%
Keine übereinstimmenden Quizze gefunden
Verteilung der Resultate
Anzahl Personen mit jedem Resultat
Perzentil nach korrekt beantworteten Fragen
Ihre Resultats-Entwicklung
Sie haben dieses Quiz noch nicht gespielt